Vista normal
Vista MARC
Entrada Personal Name
Número de registros utilizados en: 1
001 - CONTROL NUMBER
- control field: 3565
003 - CONTROL NUMBER IDENTIFIER
- control field: OSt
005 - DATE AND TIME OF LATEST TRANSACTION
- control field: 20200424170329.0
008 - FIXED-LENGTH DATA ELEMENTS
- fixed length control field: 200424|| aca||aabn | a|a d
040 ## - CATALOGING SOURCE
- Original cataloging agency: OSt
- Transcribing agency: OSt
100 ## - HEADING--PERSONAL NAME
- Personal name: Villarraga Sarmiento, Álvaro,
- Fuller form of name: coordinador
670 ## - SOURCE DATA FOUND
- Source citation: Work cat.: (OSt)3938: Villarraga Sarmiento, Álvaro, coordinador, Región Caribe, Antioquia y Chocó nuevos escenarios de conflicto armado y violencia :, 2014